[Event "Panevezys op-A"]
[Site "Panevezys"]
[Date "2019.06.27"]
[Round "6"]
[White "Kalvis, Stepas"]
[Black "Idzeliene, Asta"]
[Result "0-1"]
[WhiteElo "1795"]
[BlackElo "1644"]
[PlyCount "56"]
[EventDate "2019.06.24"]
[EventType "swiss"]
[EventRounds "9"]
[EventCountry "LTU"]
[SourceTitle "CBM 191 Extra"]
[Source "ChessBase"]
[SourceDate "2019.09.30"]
[SourceVersion "1"]
[SourceVersionDate "2019.09.30"]
[SourceQuality "1"]

1. Nf3 f5 2. d4 Nf6 3. Bg5 e6 4. Nc3 Be7 5. h3 b6 6. Qd3 Nc6 7. a3 Bb7 8. 0-0-0 d5 9. Bf4 Ne4 10. Be3 g5 11. Ne5 Nxe5 12. dxe5 Nxc3 13. Qxc3 f4 14. Bd2 d4 15. Qb3 Bd5 16. Qa4+ Kf7 17. e3 b5 18. Qa5 d3 19. Bxd3 Bxg2 20. Rhg1 f3 21. Be4 c6 22. Qa6 Qc8 23. Qxc6 Qxc6 24. Bxc6 Rac8 25. Bxb5 Bxh3 26. Bf1 Bf5 27. c3 Rb8 28. Rg3 Bxa3 0-1

[Event "Panevezys op-A"]
[Site "Panevezys"]
[Date "2019.06.26"]
[Round "5"]
[White "Mierins, Emils Janis"]
[Black "Kalvis, Stepas"]
[Result "1-0"]
[WhiteElo "1625"]
[BlackElo "1795"]
[PlyCount "27"]
[EventDate "2019.06.24"]
[EventType "swiss"]
[EventRounds "9"]
[EventCountry "LTU"]
[SourceTitle "CBM 191 Extra"]
[Source "ChessBase"]
[SourceDate "2019.09.30"]
[SourceVersion "1"]
[SourceVersionDate "2019.09.30"]
[SourceQuality "1"]

1. e4 d6 2. d4 c6 3. Nc3 g6 4. Be3 Bg7 5. Qd2 Qc7 6. Nf3 Bg4 7. Bc4 Bxf3 8. gxf3 e6 9. Bb3 Nd7 10. h4 Ngf6 11. 0-0-0 0-0-0 12. Rdg1 h5 13. Ne2 e5 14. Ng3 1-0

[Event "Panevezys op-A"]
[Site "Panevezys"]
[Date "2019.06.25"]
[Round "2"]
[White "Kalvis, Stepas"]
[Black "Vambute, Dana"]
[Result "1/2-1/2"]
[WhiteElo "1795"]
[BlackElo "1871"]
[PlyCount "87"]
[EventDate "2019.06.24"]
[EventType "swiss"]
[EventRounds "9"]
[EventCountry "LTU"]
[SourceTitle "CBM 191 Extra"]
[Source "ChessBase"]
[SourceDate "2019.09.30"]
[SourceVersion "1"]
[SourceVersionDate "2019.09.30"]
[SourceQuality "1"]

1. Nf3 d5 2. c4 c6 3. d4 Nf6 4. Qc2 Bg4 5. Ne5 Bh5 6. Nd2 e6 7. e3 Nbd7 8. Nxd7 Qxd7 9. Bd3 Bg6 10. 0-0 Be7 11. b3 0-0 12. Bb2 Rad8 13. Rad1 Rfe8 14. Bxg6 hxg6 15. c5 Qc7 16. f3 Nd7 17. b4 e5 18. e4 Bg5 19. exd5 cxd5 20. Rfe1 exd4 21. Bxd4 Bh4 22. Rxe8+ Rxe8 23. Nf1 Bf6 24. Bf2 Be5 25. Rxd5 Nf6 26. Rd1 a6 27. Qd3 Qc6 28. Ne3 Bc7 29. Qb3 Re7 30. Nc2 Qe8 31. Nd4 Be5 32. Nc2 Bc7 33. a4 Re2 34. g3 Qe6 35. Qd3 Re5 36. Bd4 Rd5 37. Ra1 Qd7 38. Qc4 Qd8 39. b5 axb5 40. axb5 Rd7 41. c6 bxc6 42. bxc6 Rd5 43. f4 Bb6 44. Ra6 1/2-1/2

[Event "Panevezys op-B"]
[Site "Panevezys"]
[Date "2017.07.04"]
[Round "2"]
[White "Kalvis, Stepas"]
[Black "Vaitonis, Vytautas"]
[Result "0-1"]
[WhiteElo "1694"]
[BlackElo "1926"]
[PlyCount "53"]
[EventDate "2017.07.03"]
[EventType "swiss"]
[EventRounds "9"]
[EventCountry "LTU"]
[SourceTitle "EXT 2018"]
[Source "ChessBase"]
[SourceDate "2017.10.13"]
[SourceVersion "1"]
[SourceVersionDate "2017.10.13"]
[SourceQuality "1"]

1. d4 d5 2. Nf3 Nf6 3. c4 c6 4. Nc3 e6 5. e3 Nbd7 6. Bd3 dxc4 7. Bxc4 b5 8. Bd3 Bb7 9. 0-0 a6 10. Re1 c5 11. Ne5 Bd6 12. Nxd7 Qxd7 13. dxc5 Bxc5 14. Qc2 Rc8 15. Rd1 Qc6 16. Bf1 0-0 17. a3 Ba7 18. Bd2 Bb8 19. Rac1 Ng4 20. h3 Nh2 21. Qd3 Nxf1 22. Qxf1 Qd6 23. f4 Ba7 24. Kh2 Rfe8 25. Be1 Qb8 26. Qe2 Bb6 27. Bh4 0-1

[Event "Panevezys op-B"]
[Site "Panevezys"]
[Date "2017.07.04"]
[Round "3"]
[White "Zeimys, Vilmantas"]
[Black "Kalvis, Stepas"]
[Result "0-1"]
[WhiteElo "1596"]
[BlackElo "1694"]
[PlyCount "35"]
[EventDate "2017.07.03"]
[EventType "swiss"]
[EventRounds "9"]
[EventCountry "LTU"]
[SourceTitle "EXT 2018"]
[Source "ChessBase"]
[SourceDate "2017.10.13"]
[SourceVersion "1"]
[SourceVersionDate "2017.10.13"]
[SourceQuality "1"]

1. d4 Nf6 2. c4 e6 3. Nf3 c5 4. e3 cxd4 5. exd4 b6 6. g3 Bb7 7. Bg2 Bb4+ 8. Bd2 Qe7 9. a3 Bxd2+ 10. Nbxd2 0-0 11. 0-0 d5 12. cxd5 Bxd5 13. Ne5 Rd8 14. Ndf3 Nc6 15. Nxc6 Bxc6 16. Ne5 Bd5 17. Bxd5 Rxd5 18. Rc1 0-1

[Event "Panevezys op U2200"]
[Site "Panevezys"]
[Date "2015.12.06"]
[Round "6"]
[White "Kalvis, Stepas"]
[Black "Pluta, Paulius"]
[Result "1-0"]
[WhiteElo "1659"]
[BlackElo "1789"]
[PlyCount "59"]
[EventDate "2015.12.04"]
[EventType "swiss"]
[EventRounds "6"]
[EventCountry "LTU"]
[SourceTitle "CBM 169 Extra"]
[Source "ChessBase"]
[SourceDate "2015.12.18"]
[SourceVersion "1"]
[SourceVersionDate "2015.12.18"]
[SourceQuality "1"]

1. c4 c5 2. g3 g6 3. Bg2 Bg7 4. Nc3 Nc6 5. d3 d6 6. Nf3 e5 7. Bg5 Nge7 8. Qd2 h6 9. Be3 Nf5 10. 0-0 Nxe3 11. Qxe3 0-0 12. Nh4 Nd4 13. Qd2 Rb8 14. Bd5 Kh7 15. e3 Ne6 16. Rab1 f5 17. Ng2 Nc7 18. b4 Nxd5 19. Nxd5 Be6 20. bxc5 Bxd5 21. cxd5 dxc5 22. e4 b5 23. Rfc1 fxe4 24. Rxc5 exd3 25. Qxd3 Qf6 26. Rc2 a6 27. Qe4 Rbc8 28. Rbc1 Qxf2+ 29. Rxf2 Rxc1+ 30. Ne1 1-0

[Event "Panevezys op U2200"]
[Site "Panevezys"]
[Date "2015.12.05"]
[Round "4"]
[White "Kalvis, Stepas"]
[Black "Katinas, Kazimieras"]
[Result "1-0"]
[WhiteElo "1659"]
[BlackElo "1539"]
[PlyCount "47"]
[EventDate "2015.12.04"]
[EventType "swiss"]
[EventRounds "6"]
[EventCountry "LTU"]
[SourceTitle "CBM 169 Extra"]
[Source "ChessBase"]
[SourceDate "2015.12.18"]
[SourceVersion "1"]
[SourceVersionDate "2015.12.18"]
[SourceQuality "1"]

1. e4 e6 2. d4 d5 3. exd5 exd5 4. Nf3 c5 5. dxc5 Bxc5 6. Bb5+ Nc6 7. 0-0 a6 8. Re1+ Be6 9. Bxc6+ bxc6 10. Nd4 Nf6 11. Nxe6 fxe6 12. Rxe6+ Kd7 13. Re1 Re8 14. Nc3 Rxe1+ 15. Qxe1 Rb8 16. b3 Bd4 17. Be3 Qb6 18. Bxd4 Qxd4 19. Rd1 Qc5 20. Qd2 Rf8 21. Na4 Qd6 22. Qe3 Ne4 23. Qh3+ Qe6 24. Nc5+ 1-0

[Event "Panevezys op-B 26th"]
[Site "Panevezys"]
[Date "2013.08.17"]
[Round "7"]
[White "Bucinskas, Lukas"]
[Black "Kalvis, Stepas"]
[Result "0-1"]
[WhiteElo "1777"]
[BlackElo "1757"]
[PlyCount "84"]
[EventDate "2013.08.12"]
[EventType "swiss"]
[EventRounds "8"]
[EventCountry "LTU"]
[SourceTitle "CBM 155 Extra"]
[Source "ChessBase"]
[SourceDate "2013.08.26"]
[SourceVersion "1"]
[SourceVersionDate "2013.08.26"]
[SourceQuality "1"]

1. c4 Nf6 2. Nc3 e5 3. d3 c6 4. Nf3 Qc7 5. Bg5 Be7 6. g3 h6 7. Bxf6 Bxf6 8. Bg2 0-0 9. 0-0 d6 10. Nd2 Bg4 11. h3 Be6 12. e4 Nd7 13. Kh2 Rad8 14. f4 exf4 15. gxf4 Nc5 16. Nf3 Bxc3 17. bxc3 d5 18. cxd5 cxd5 19. Nd4 dxe4 20. dxe4 Bc4 21. Rf2 Nd3 22. Rf3 Nxf4 23. Kh1 Be2 24. Qe1 Bxf3 25. Bxf3 Nxh3 26. Ne2 Ng5 27. Bg2 Rfe8 28. Qh4 Rd2 29. Ng3 Rxg2 30. Kxg2 Qxc3 31. Rf1 Qd2+ 32. Rf2 Qe3 33. Qh5 Kh7 34. Rxf7 Nxf7 35. Qxf7 Qd2+ 36. Kh3 Qd8 37. Qxb7 Qc8+ 38. Qxc8 Rxc8 39. Nf5 Rc4 40. e5 Rc5 41. e6 Rxf5 42. Kg4 Re5 0-1

[Event "Panevezys-ch B"]
[Site "Panevezys"]
[Date "2007.04.01"]
[Round "10.7"]
[White "Rudys, Mantas"]
[Black "Kalvis, Stepas"]
[Result "0-1"]
[WhiteElo "1657"]
[BlackElo "1868"]
[PlyCount "50"]
[EventDate "2007.02.04"]
[EventType "tourn"]
[EventRounds "13"]
[EventCountry "LTU"]
[SourceTitle "EXT 2024"]
[Source "ChessBase"]
[SourceDate "2023.10.10"]
[SourceVersion "1"]
[SourceVersionDate "2023.10.10"]
[SourceQuality "1"]

1. e4 Nf6 2. Nc3 e5 3. Nf3 Nc6 4. d4 Bb4 5. Bg5 h6 6. Be3 Nxe4 7. Qd3 Nxc3 8. bxc3 exd4 9. Nxd4 Ne5 10. Qd2 Be7 11. Be2 0-0 12. 0-0 d5 13. f4 Ng4 14. Bd3 Nxe3 15. Qxe3 Bf6 16. Kh1 c5 17. Nf5 c4 18. g4 cxd3 19. Nxh6+ gxh6 20. g5 hxg5 21. Rg1 d4 22. Qg3 Qd5+ 23. Rg2 Re8 24. fxg5 Re3 25. Qf4 Bh3 0-1